Activity coefficients at infinite dilution C17 - C78 with D2O and H2O
Enregistré dans:
| Auteurs principaux: | , |
|---|---|
| Format: | Livre |
| Langue: | anglais |
| Publié: |
Frankfurt/Main
DECHEMA
2008
|
| Collection: | Chemistry data series
Vol. IX, Part 6 |
| Accès en ligne: | Voir à l'OPAC |
| Tags: |
Pas de tags, Soyez le premier à ajouter un tag!
|
MARC
| LEADER | 00000nam a2200000 a 4500 | ||
|---|---|---|---|
| 005 | 20260127134306.0 | ||
| 008 | 151211 2008 000 0 eng d | ||
| 020 | |a 9783897461079 | ||
| 035 | |a vtls011427643 | ||
| 039 | 9 | |a 201512140936 |b mschk03 |c 201512140935 |d mschk03 |c 201512140935 |d mschk03 |y 201512111118 |z mschk03 | |
| 040 | |a STUSCHK1 |b slo |c STUSCHK1 |e AACR2 | ||
| 100 | 1 | |a Gmehling, Jürgen | |
| 245 | 1 | |a Activity coefficients at infinite dilution |b C17 - C78 with D2O and H2O |c J.Gmehling, J.Menke | |
| 260 | |a Frankfurt/Main |b DECHEMA |c 2008 | ||
| 300 | |a xxiii, s. 2450-2741 |c 24,5 cm | ||
| 490 | 0 | |a Chemistry data series |v Vol. IX, Part 6 | |
| 700 | 1 | |a Menke, Jöchen |4 aut | |
| 910 | |a SCHK95 | ||
| 919 | |a 978-3-89746-107-9 | ||
| 999 | |c 8944 |d 8944 | ||